| 000 | 00832nam a22001695i 4500 | ||
|---|---|---|---|
| 001 | 164491 | ||
| 003 | ES-MaACL | ||
| 005 | 20230906212940.0 | ||
| 008 | 050729s1867 sp | |||||||| ||spa d | ||
| 080 | _a657.12(076.1) | ||
| 100 | 1 |
_aSalvador y Aznar, Felipe. _9132349 |
|
| 245 | 1 | 0 |
_aPrácticas de contabilidad mercantil : _bo sea, colección de problemas de operaciones de comercio en borrador para su redacción en el diario y libro mayor, con arreglo a las lecciones del "Manual de teneduría de libros por partida doble"... / _cescrito por Felipe Salvador y Aznar. |
| 260 |
_aMadrid : _b[s.n.], _c1867 ( _fImp. de Miguel Ginesta) |
||
| 300 |
_a99 p. ; _c23 cm. |
||
| 650 | 4 |
_aContabilidad- _vProblemas. _9166393 |
|
| 852 | 4 |
_aES-MaACL _jT-119-F-6 _z- Enc. hol. _z- Enc. en un vol. facticio _z- Dedicatoria autógrafa del autor |
|
| 999 |
_c164491 _d164491 |
||